=LDR 00000nam 2200000 4500 =001 NUTBA000000000004817 =005 20141008110259.0 =006 =007 =008 =020 ##$$a 978-979-22-6595-8 =035 ##$$a 0010-101400000000047 =082 ##$$2 028.5 =090 ##$$a 028.5 bal i =100 ##$$a jacqueline a. ball =245 ##$$a In a Jam =260 ##$$a Jakarta $b PT. Gramedia $c 2011 =300 ##$$a 36 hlm $b illus $c 15 cm =440 ##$$a Gara - Gara Selai =850 ##$$a NBPNMAT =990 ##$$a 0001/BPAP-NTB/20142014